Представление документа в формате MARC21

Поле Инд. ПП Название Значение
Тип записи a
Библиографический уровень m
001 Контрольный номер RU/IS/BASE/259259849
005 Дата корректировки 20210526120356.1
040 b Код языка каталог. rus
041 0_ a Код языка текста rus
080 00 a Индекс УДК 004.42
084 a Индекс другой классификации/Индекс ББК 32.973.202
090 00 a Полочн. индекс 681.3
x Авторский знак С33
097 b Оператор 11
245 00 a Заглавие Сетевые средства Microsoft Windows NT Server 4.0
c Ответственность пер. с англ.
260 00 a Место издания Санкт-Петербург
b Издательство BHV-Санкт-Петербург
c Дата издания 1998
300 00 a Объем 880 с.
b Иллюстрации/ тип воспроизводства ил.
510 0_ a Примечание о ссылках Книги и методические пособия
650 04 a Основная рубрика 50.41 Программное обеспечение вычислительных машин, комплексов и сетей
x Основная подрубрика 50.41.15 Операционные системы
653 0_ a Ключевые слова операционные системы; microsoft; Windows
901 t Тип документа m
990 00 e Получено на ИУ (DOS) 2